• 首页
  • 本馆介绍
  • 公告通知
  • 最新文献
  • 馆藏检索
  • 电子资源
  • 读者导购
  • 参考咨询
  • 我的图书馆
  • 登录
  • 详细信息显示
  • 放入我的书架
  • 预约/预借图书
  • 作者相关作品
  • 分类相关作品
  • 丛书相关作品
  • 出版社相关作品

书目信息

  • 表格格式
  • 工作单格式
  • 卡片格式
书名: Constants in Some Inequalities of Analysis
作者: Solomon G.Mikhlin.
分册号:
分册名:
出版地: New York :
 
出版社: JOHN WILEY & SONS
出版时间: 1986.
页数: 107 p. ;
开本: 23cm.
丛书名:
中图分类号:
科图分类号:
其他分类号: O178
主题词:
电子资源:
000 00508nam 2200169 a 4500
001 E0731133992
005 20070505084558.68
008 070505s1986 00010 eng
020    @a0-471-90559-3.
040    @aPFT@beng
090    @aO178
099    @dO178@ex6
245 1  @aConstants in Some Inequalities of Analysis / @cSolomon G.Mikhlin.
260    @aNew York :@bJOHN WILEY & SONS@e(Chichester,@c1986.
300    @a107 p. ;@c23cm.
500    @a(数学分析不等式常数)译自俄文
700    @aTranslated by Reinhard Lehmann
    
    Constants in Some Inequalities of Analysis / / Solomon G.Mikhlin.-New York : : JOHN WILEY & SONS ((Chichester,). , 1986.
    107 p. ; ; 23cm.
    (数学分析不等式常数)译自俄文
    
    ISBN 0-471-90559-3.
    
●
相关链接 在E读中查询图书 在五车中查询图书 在当当中查询图书 在豆瓣中查询图书


正题名:Constants in Some Inequalities of Analysis     索取号:O178/x6         预约/预借

序号 登录号 条形码 馆藏地/架位号 状态 备注
1 182997   000453985   第二样本阅览室/ [索取号:O178/x6] 在馆    
唐山师范学院图书馆 欢迎您!
大连网信软件有限公司© 版权所有